[Event "Cto. Equipos de Navarra DH 2018"]
[Site "?"]
[Date "2018.11.03"]
[Round "4"]
[White "Torres Calvo, Mauricio"]
[Black "Aguinaga Ruiz, Jesus Luis"]
[Result "1-0"]
[EventDate "2018.??.??"]
[EventCountry "ESP"]
[EventType "team"]
[EventRounds "7"]
[WhiteElo "1789"]
[BlackElo "1902"]

1.e4 Nc6 2.d4 d5 3.e5 f6 4.f4 Nh6 5.Nf3 Bf5 6.Bd3 e6 7.c3 Qd7 8.a4 Be7 9.O-O
Bxd3 10.Qxd3 f5 11.Nbd2 a5 12.Ng5 Nf7 13.Nxf7 Kxf7 14.Qh3 h5 15.Nf3 g6 16.Be3
Rag8 17.Bf2 Nd8 18.Bh4 Bxh4 19.Qxh4 Qe7 20.Ng5 Kg7 21.Rf3 Nf7 22.Rg3 Nxg5
23.Rxg5 Kf7 24.Qf2 Rc8 25.h4 c5 26.Rd1 Rc7 27.Qe2 cxd4 28.Rxd4 Qc5 29.Kh2 Qb6
30.Qd2 Qb3 31.c4 Rxc4 32.Rxd5 Kg7 33.Rb5 Rb4 34.Qd7 Kh6 35.Qf7 1-0

[Event "Cto. Equipos de Navarra DH 2018"]
[Site "?"]
[Date "2018.11.03"]
[Round "4"]
[White "Garjon Modrego, Miguel"]
[Black "Santos Usua, Mikel"]
[Result "1-0"]
[EventDate "2018.??.??"]
[EventCountry "ESP"]
[EventType "team"]
[EventRounds "7"]
[WhiteElo "1868"]
[BlackElo "1474"]

1.d4 d5 2.Nf3 Nf6 3.Bg5 Nbd7 4.e3 e6 5.Bd3 c5 6.c3 Qb6 7.Qc1 Bd6 8.Nbd2 h6 9.Bh4
O-O 10.Bg3 Re8 11.Bxd6 Qxd6 12.O-O e5 13.dxe5 Nxe5 14.Nxe5 Qxe5 15.Re1 Qc7
16.Be2 Bf5 17.Nf1 Re7 18.Qd1 Rd8 19.Rc1 Qb6 20.Qb3 Qc7 21.Bf3 Rd6 22.a3 Rb6
23.Qa2 Be6 24.Qa1 Bf5 25.Red1 Rd7 26.b4 c4 27.Qb2 a5 28.Rd4 axb4 29.axb4 Qd8
30.Ra1 Rbd6 31.Rdd1 Qe7 32.Ng3 Bg6 33.Ne2 Be4 34.Bxe4 Nxe4 35.Nd4 Rf6 36.f3 Ng5
37.Qd2 Rg6 38.Ra8 Kh7 39.h4 Ne6 40.h5 Rg5 41.Qc2 g6 42.hxg6 fxg6 43.Qd2 Nxd4
44.Qxd4 Qg7 45.Qxg7 Kxg7 46.Rc8 Re7 47.Kf2 Rge5 48.Re1 g5 49.Rc5 Kg6 50.Rb5 Kg7
51.Rb6 Kh7 52.Rd6 Kg7 53.g3 R7e6 54.Rd7 Re7 55.Rxe7 Rxe7 56.Rd1 Re5 57.Ra1 Re7
58.Ra5 Rd7 59.Rb5 h5 60.Rb6 h4 61.gxh4 gxh4 62.Re6 Rf7 63.f4 d4 64.exd4 Rxf4
65.Ke3 Rg4 66.Kf2 Rg3 67.Re3 Rxe3 68.Kxe3 Kg6 69.Kf4 h3 70.Kg3 Kf5 71.Kxh3 Ke4
72.Kg4 Kd3 73.d5 Kxc3 74.d6 Kxb4 75.d7 c3 76.d8=Q Kb3 77.Qb6 Ka2 78.Qa7 Kb2
79.Qxb7 Ka1 80.Qa6 Kb2 81.Qb5 Ka1 82.Qa5 Kb2 83.Qb4 Kc2 84.Kf3 Kd3 85.Qb1 Kd2
86.Qb4 Kd3 87.Qe4 Kd2 88.Qe3 Kc2 89.Ke2 Kb2 90.Qb6 1-0

[Event "Cto. Equipos de Navarra DH 2018"]
[Site "?"]
[Date "2018.11.03"]
[Round "4"]
[White "Fuentes Guinot, Angel"]
[Black "De Pablos Fernandez, Mariano"]
[Result "0-1"]
[EventDate "2018.??.??"]
[EventCountry "ESP"]
[EventType "team"]
[EventRounds "7"]
[WhiteElo "1433"]
[BlackElo "1919"]

1.d4 d5 2.Bf4 Bf5 3.e3 e6 4.Nf3 Bd6 5.Bg3 h5 6.c4 h4 7.Bxd6 Qxd6 8.c5 Qe7 9.h3
Nf6 10.Nc3 Ne4 11.Bd3 O-O 12.a4 Nd7 13.Qc2 Nxc3 14.bxc3 Bxd3 15.Qxd3 e5 16.Qc2
e4 17.Nh2 c6 18.a5 f5 19.Ke2 Qg5 20.Rhg1 f4 21.Qd2 b6 22.axb6 fxe3 23.Qxe3 Qh5
24.Kd2 axb6 25.Ng4 bxc5 26.dxc5 Ne5 27.Nxe5 Qxe5 28.f3 Rae8 29.fxe4 Qb8 30.Rab1
Qa7 31.Rb4 Qa2 32.Kd1 Rf2 33.Ke1 Rc2 34.Rd4 Rxe4 0-1

[Event "Cto. Equipos de Navarra DH 2018"]
[Site "?"]
[Date "2018.11.10"]
[Round "5"]
[White "Roldan Marques, Daniel"]
[Black "Burguete Archel, Eduardo"]
[Result "1/2-1/2"]
[EventDate "2018.??.??"]
[EventCountry "ESP"]
[EventType "team"]
[EventRounds "7"]
[WhiteElo "2231"]
[BlackElo "2198"]

1.d4 Nf6 2.c4 c5 3.d5 e6 4.Nc3 exd5 5.cxd5 d6 6.Nf3 g6 7.Bf4 a6 8.a4 Bg7 9.h3
O-O 10.e3 Re8 11.Nd2 Nbd7 12.Be2 Ne5 13.O-O Nfd7 14.e4 g5 15.Be3 Nf8 16.Re1 Nfg6
17.Nf1 Nf4 18.Ng3 Qf6 19.Bg4 Ned3 20.Nh5 Nxh5 21.Qxd3 Nf4 22.Qd2 h6 23.Bxf4 gxf4
24.a5 Qg5 25.Bxc8 Raxc8 26.Na4 Bd4 27.Nb6 Rc7 28.Nc4 Qf6 29.Ra3 Rce7 30.Qd3 Qg6
31.Nd2 f5 1/2-1/2

[Event "Cto. Equipos de Navarra DH 2018"]
[Site "?"]
[Date "2018.11.10"]
[Round "5"]
[White "Argandona Salinas, Gorka"]
[Black "Sesma Rubio, Patxi"]
[Result "0-1"]
[EventDate "2018.??.??"]
[EventCountry "ESP"]
[EventType "team"]
[EventRounds "7"]
[WhiteElo "2053"]
[BlackElo "2166"]

1.d4 Nf6 2.Nf3 e6 3.e3 c5 4.Bd3 Nc6 5.O-O Be7 6.b3 O-O 7.Bb2 b6 8.c4 Bb7 9.Re1
d6 10.a3 Qc7 11.Nc3 Rad8 12.Qc2 Qb8 13.Ng5 h6 14.Nh7 cxd4 15.Nd1 Nxh7 16.Bxh7
Kh8 17.Be4 d5 18.cxd5 exd5 19.Bf3 Bf6 20.Qf5 Rfe8 21.Be2 Re5 22.Qh3 Re4 23.g3
Qd6 24.Bd3 Ne5 25.Bxe4 dxe4 26.f4 Nf3 27.Kf2 dxe3 28.Nxe3 Bxb2 29.Rad1 Bd4
30.Kg2 Nxe1 31.Rxe1 Bxe3 {ilegible} 0-1

[Event "Cto. Equipos de Navarra DH 2018"]
[Site "?"]
[Date "2018.11.10"]
[Round "5"]
[White "Garrido Lasheras, David"]
[Black "Lazkoz Diez, Oskar"]
[Result "1-0"]
[EventDate "2018.??.??"]
[EventCountry "ESP"]
[EventType "team"]
[EventRounds "7"]
[WhiteElo "2082"]
[BlackElo "1839"]

1.c4 Nf6 2.Nc3 e6 3.e3 Bb4 4.Nf3 O-O 5.a3 Bxc3 6.bxc3 c5 7.Be2 Nc6 8.O-O e5 9.d4
d6 10.Qc2 Qe7 11.h3 h6 12.d5 Nb8 13.e4 Nh7 14.Bd3 Qf6 15.Nh2 g5 16.Be2 Qg6
17.Bg4 f5 18.exf5 Bxf5 19.Bxf5 Qxf5 20.Qb2 Rf7 21.Ng4 Kg7 22.Qe2 Nd7 23.Bd2 Raf8
24.Rae1 Nhf6 25.Ne3 Qg6 26.g4 Kh7 27.Nf5 Ng8 28.Kg2 Ne7 29.Ng3 Nb6 30.Ne4 Rf3
31.Rh1 Nf5 32.gxf5 Qxf5 33.Ref1 g4 34.Ng3 Qg6 35.hxg4 Qxg4 36.Qe4 Qxe4 37.Nxe4
Rd3 38.Bxh6 Rg8 39.Bg5 Kg6 40.Rh6 Kf5 41.Rf6 Kg4 42.f3 1-0

[Event "Cto. Equipos de Navarra DH 2018"]
[Site "?"]
[Date "2018.11.10"]
[Round "5"]
[White "Larrea Reta, Javier"]
[Black "Laguardia Ortega, Moises"]
[Result "0-1"]
[EventDate "2018.??.??"]
[EventCountry "ESP"]
[EventType "team"]
[EventRounds "7"]
[WhiteElo "1843"]
[BlackElo "1995"]

1.e4 Nf6 2.Nc3 d5 3.exd5 Nxd5 4.Nxd5 Qxd5 5.d4 Nc6 6.Nf3 Bg4 7.Be2 O-O-O 8.c3 e6
9.h3 Bh5 10.O-O h6 11.Be3 g5 12.b4 Rg8 13.c4 Qd6 14.b5 Bxf3 15.Bxf3 Nxd4 16.Qa4
Nxf3 17.gxf3 Qa3 18.Qc2 Bc5 19.Bxc5 Qxc5 20.Rfd1 f5 21.a4 h5 22.Qe2 Rde8 23.a5
g4 24.hxg4 hxg4 25.f4 g3 26.Kf1 Rg4 27.a6 Rxf4 28.axb7 Kb8 29.f3 Rh8 0-1

[Event "Cto. Equipos de Navarra DH 2018"]
[Site "?"]
[Date "2018.11.10"]
[Round "5"]
[White "Ortin Blanco, Ainhoa"]
[Black "Saenz Mur, Inigo"]
[Result "1-0"]
[EventDate "2018.??.??"]
[EventCountry "ESP"]
[EventType "team"]
[EventRounds "7"]
[WhiteElo "1925"]
[BlackElo "1792"]

1.d4 Nf6 2.c4 g6 3.Nc3 d5 4.cxd5 Nxd5 5.Bd2 Bg7 6.e3 O-O 7.Bd3 c5 8.Qb3 Nxc3
9.bxc3 Be6 10.Qc2 cxd4 11.cxd4 Bd5 12.f3 Nd7 13.Ne2 e6 14.e4 Bc6 15.O-O Nb6
16.Be3 Rc8 17.Qd2 Qd6 18.Kh1 Rfd8 19.Rac1 Bd7 20.Qa5 Rxc1 21.Rxc1 Rc8 22.Rxc8
Nxc8 23.Qd8 Bf8 24.Bf4 Qe7 25.Qc7 Qa3 26.Bc4 Nb6 27.Bb3 Qb2 28.Qc2 Qxc2 29.Bxc2
Bg7 30.Bd6 Nc4 31.Be7 f5 32.Kg1 Kf7 33.Bg5 h6 34.Bd8 Ke8 35.Bc7 Bb5 36.Kf2 Kd7
37.Bf4 g5 38.Bc1 Nd6 39.e5 Bxe2 40.Kxe2 Nb5 41.Kd3 Kc6 42.Ba4 a6 43.Bd2 Kd5
44.Bb3 Kc6 45.Bxe6 f4 46.Bb4 Nc7 47.Bf7 Nd5 48.Be8 Kc7 49.Bd6 Kd8 50.Bf7 Ne7
51.Bc5 Nc6 52.Ke4 1-0

[Event "Cto. Equipos de Navarra DH 2018"]
[Site "?"]
[Date "2018.11.10"]
[Round "5"]
[White "Alfaro Pinero, Asier"]
[Black "Martinez Bernardo, Aitor"]
[Result "0-1"]
[EventDate "2018.??.??"]
[EventCountry "ESP"]
[EventType "team"]
[EventRounds "7"]
[WhiteElo "1790"]
[BlackElo "1921"]

1.d4 Nf6 2.c4 g6 3.Nc3 d5 4.cxd5 Nxd5 5.e4 Nxc3 6.bxc3 Bg7 7.Be3 c5 8.Bb5 Nd7
9.Ne2 O-O 10.O-O a6 11.Bd3 Qa5 12.a4 Rd8 13.Qb3 Ne5 14.Bc4 Nxc4 15.Qxc4 cxd4
16.cxd4 Bd7 17.Bd2 Qxd2 0-1

[Event "Cto. Equipos de Navarra DH 2018"]
[Site "?"]
[Date "2018.11.10"]
[Round "5"]
[White "Fuertes Cirauqui, Pablo"]
[Black "Elia Aldave, Inigo"]
[Result "1/2-1/2"]
[EventDate "2018.??.??"]
[EventCountry "ESP"]
[EventType "team"]
[EventRounds "7"]
[WhiteElo "1815"]
[BlackElo "1693"]

1.e4 e6 2.d4 d5 3.Bd3 c5 4.exd5 cxd4 5.dxe6 Bxe6 6.Nf3 Nc6 7.O-O Nf6 8.Re1 Bd6
9.Bf5 O-O 10.Bxe6 fxe6 11.Rxe6 Bc5 12.Bg5 Qd5 13.Qe2 Ng4 14.Qe4 Qf5 15.h3 Nxf2
16.Qxf5 Rxf5 17.Kxf2 d3 18.Be3 Nd4 19.Re5 Rxe5 20.Nxe5 Rf8 21.Nf3 Nxc2 22.Bxc5
Rf5 1/2-1/2

[Event "Cto. Equipos de Navarra DH 2018"]
[Site "?"]
[Date "2018.11.10"]
[Round "5"]
[White "Hernandez Barricarte, Miguel A"]
[Black "Zamarbide Inarrea, Daniel"]
[Result "0-1"]
[EventDate "2018.??.??"]
[EventCountry "ESP"]
[EventType "team"]
[EventRounds "7"]
[WhiteElo "1878"]
[BlackElo "2202"]

1.d4 Nf6 2.c4 Nc6 3.Nf3 e6 4.g3 Bb4 5.Bd2 Qe7 6.Nc3 O-O 7.Bg2 d6 8.O-O a5 9.a3
Bxc3 10.Bxc3 Ne4 11.Rc1 a4 12.d5 Nb8 13.Nd4 Nxc3 14.Rxc3 e5 15.Nb5 b6 16.f4 f6
17.e4 Bd7 18.Nxc7 Ra7 19.Nb5 Bxb5 20.cxb5 Nd7 21.Rc6 Nc5 22.Qc2 Rb7 23.Qc4 g6
24.Re1 Qd7 25.Rf1 Rbb8 26.fxe5 fxe5 27.Rxf8 Rxf8 28.Rxb6 Qg4 29.Qc2 Qg5 30.Qc3
Nd3 31.Qxd3 Qc1 32.Bf1 Qc5 33.Kg2 Qxb6 34.Be2 Qf2 35.Kh3 h5 36.Bd1 Kg7 37.Qe2
Qg1 0-1

[Event "Cto. Equipos de Navarra DH 2018"]
[Site "?"]
[Date "2018.11.10"]
[Round "5"]
[White "Munoz Arana, Miguel"]
[Black "Barberia Fernandez, Inaki"]
[Result "1-0"]
[EventDate "2018.??.??"]
[EventCountry "ESP"]
[EventType "team"]
[EventRounds "7"]
[WhiteElo "2026"]
[BlackElo "1836"]

1.e4 c5 2.Nf3 d6 3.d4 cxd4 4.Nxd4 Nf6 5.Nc3 a6 6.f3 e6 7.Be3 b5 8.Qd2 Nbd7 9.g4
Nb6 10.Bd3 Bb7 11.O-O-O Rc8 12.Kb1 Nc4 13.Bxc4 Rxc4 14.g5 Nd7 15.h4 Qa5 16.h5
Be7 17.g6 b4 18.Nce2 d5 19.Ng3 Bf6 20.f4 Bxd4 21.Bxd4 f6 22.h6 hxg6 23.hxg7 Rg8
24.Rh8 Kf7 25.Rxg8 Kxg8 26.f5 Kxg7 27.fxe6 Ne5 28.Bxe5 fxe5 29.exd5 Rd4 30.Qe1
Qxd5 31.Rxd4 Qxd4 32.b3 Bf3 33.a3 bxa3 34.c3 Qd3 35.Ka2 Qc2 36.Kxa3 Bd1 37.Qxe5
Kh7 38.Qc7 Kh6 39.Qf4 g5 40.Qf8 Kh7 41.Qf7 Kh6 1-0

[Event "Cto. Equipos de Navarra DH 2018"]
[Site "?"]
[Date "2018.11.10"]
[Round "5"]
[White "Rodriguez Montes, Sostenes"]
[Black "Labiano Hernandez, Juan"]
[Result "0-1"]
[EventDate "2018.??.??"]
[EventCountry "ESP"]
[EventType "team"]
[EventRounds "7"]
[WhiteElo "1810"]
[BlackElo "2041"]

1.e4 e5 2.Bc4 Nf6 3.d3 Bc5 4.h3 d6 5.Nf3 Be6 6.Bxe6 fxe6 7.c3 Bb6 8.Qb3 Qe7 9.a4
a5 10.Be3 Nbd7 11.Nbd2 O-O 12.O-O Bxe3 13.fxe3 d5 14.d4 exd4 15.Nxd4 Nc5 16.Qa3
Qd6 17.Nb5 Qb6 18.exd5 exd5 19.c4 c6 20.Nd4 Qb4 21.Qxb4 axb4 22.cxd5 Nxd5 23.e4
Nf4 24.a5 Rae8 25.Rfe1 Rf6 26.N4f3 Rg6 27.Nh4 Rd6 28.Nhf3 Rg6 29.Nh4 Rge6 30.Nc4
Rxe4 31.Rxe4 Rxe4 32.Nd6 Re7 33.Nhf5 Rd7 34.Re1 Nfe6 35.Nc8 Kf7 36.Nfd6 Kg6
37.Re5 h6 38.Kf2 Nd3 0-1

[Event "Cto. Equipos de Navarra DH 2018"]
[Site "?"]
[Date "2018.11.10"]
[Round "5"]
[White "Vinal Gutierrez, Pedro"]
[Black "Sola Plaza, Gregorio"]
[Result "1/2-1/2"]
[EventDate "2018.??.??"]
[EventCountry "ESP"]
[EventType "team"]
[EventRounds "7"]
[WhiteElo "2040"]
[BlackElo "1806"]

1.d4 Nf6 2.Bf4 d5 3.e3 c5 4.c3 Nc6 5.Nd2 e6 6.Bd3 Bd6 7.Bxd6 Qxd6 8.f4 cxd4
9.cxd4 Bd7 10.a3 Ne7 11.Qe2 Qb6 12.Rb1 Nf5 13.Nh3 O-O 14.Nf2 Nd6 15.O-O Bb5
16.Rfc1 Rfc8 17.Bxb5 Rxc1 18.Rxc1 Qxb5 19.Qxb5 Nxb5 20.Kf1 Nd6 21.Ke2 Rc8
22.Rxc8 Nxc8 23.Nd3 Nd6 24.Ne5 Kf8 25.Kd3 1/2-1/2

[Event "Cto. Equipos de Navarra DH 2018"]
[Site "?"]
[Date "2018.11.10"]
[Round "5"]
[White "Juanco Elizari, Felix Javier"]
[Black "Jedrocha, Katarzyna"]
[Result "0-1"]
[EventDate "2018.??.??"]
[EventCountry "ESP"]
[EventType "team"]
[EventRounds "7"]
[WhiteElo "1705"]
[BlackElo "1922"]

1.Nf3 c5 2.c4 Nc6 3.g3 Nf6 4.Nc3 b6 5.Bg2 Bb7 6.O-O e6 7.d4 d6 8.dxc5 bxc5 9.Bg5
Be7 10.Qd2 a6 11.Rfd1 Qc7 12.Bxf6 gxf6 13.Ne4 O-O-O 14.Qe3 Ne5 15.Rac1 Ng4
16.Qf4 f5 17.Neg5 Bf6 18.Rc2 h6 19.Nh3 Be4 20.Qd2 Bxc2 21.Qxc2 h5 22.Nf4 h4
23.e4 hxg3 24.hxg3 fxe4 25.Qxe4 Ne5 26.Nxe5 Bxe5 27.Qa8 Kd7 28.Qxa6 Bxf4 29.gxf4
Ke7 30.Qb7 Qxb7 31.Bxb7 Rb8 32.Bc6 Rxb2 33.a4 Rhb8 34.Bb5 Ra2 35.Kg2 Rg8 36.Kf3
Ra3 37.Ke2 Rg4 38.f5 Rf4 39.fxe6 fxe6 40.Rd2 Re4 41.Kd1 Ra1 42.Kc2 Ra2 43.Kc3
Rxd2 44.Kxd2 d5 45.a5 Kd6 46.a6 Kc7 47.a7 Kb7 48.Bc6 Kxa7 0-1

[Event "Cto. Equipos de Navarra DH 2018"]
[Site "?"]
[Date "2018.11.10"]
[Round "5"]
[White "Aguinaga Ruiz, Jesus Luis"]
[Black "Ruiz Turrillas, Alfredo"]
[Result "1-0"]
[EventDate "2018.??.??"]
[EventCountry "ESP"]
[EventType "team"]
[EventRounds "7"]
[WhiteElo "1902"]
[BlackElo "1753"]

1.d4 d5 2.Bf4 g6 3.e3 Bg7 4.Nf3 Bg4 5.Be2 Nd7 6.Nbd2 Ngf6 7.h3 Bxf3 8.Bxf3 c6
9.O-O O-O 10.c4 h6 11.Rc1 Re8 12.cxd5 cxd5 13.Bc7 Qc8 14.Qb3 e6 15.Bg3 Qd8
16.Qxb7 Qa5 17.Rfd1 Nb6 18.a3 Rec8 19.Rc7 Rcb8 20.Qc6 Ne8 21.Nb3 Qa4 22.Nc5 Qa5
23.Re7 Rc8 24.Qb7 e5 25.Rxf7 Rcb8 26.Qe7 Qb5 27.Bxe5 Bxe5 28.Qf8 1-0

[Event "Cto. Equipos de Navarra DH 2018"]
[Site "?"]
[Date "2018.11.10"]
[Round "5"]
[White "Marin Salvador, Ruben"]
[Black "Garjon Modrego, Miguel"]
[Result "0-1"]
[EventDate "2018.??.??"]
[EventCountry "ESP"]
[EventType "team"]
[EventRounds "7"]
[WhiteElo "1652"]
[BlackElo "1868"]

1.d4 d5 2.c4 c6 3.Nc3 Nf6 4.e3 e6 5.Nf3 Nbd7 6.Qc2 Be7 7.Bd3 Qc7 8.O-O g6 9.b3
Qd8 10.Bb2 O-O 11.Rac1 Ne8 12.e4 dxe4 13.Nxe4 Ndf6 14.Ng3 b6 15.Rfd1 Bb7 16.Qe2
Rc8 17.Bb1 Ng7 18.Ne5 Qe8 19.Ne4 Nxe4 20.Bxe4 f6 21.Ng4 Nh5 22.Qe3 Kh8 23.Bf3
Bd6 24.g3 Qd7 25.Nh6 Ng7 26.h4 Rce8 27.Qd3 Nf5 28.Ng4 Be7 29.d5 cxd5 30.cxd5
exd5 31.Bxd5 Bxd5 32.Qxd5 Qxd5 33.Rxd5 h5 34.Nh2 Bc5 35.Rdxc5 bxc5 36.Rxc5 Re2
37.Bc3 Rxa2 38.Nf3 Rf7 39.Ng5 Rf8 40.Rc7 Ra6 41.Rd7 Rc6 42.Ne4 a6 43.b4 Kg8
44.Bb2 Re6 45.Nc5 Rd6 46.Ra7 Rd2 47.Bc3 Rd6 48.Ne4 Rc6 49.Rd7 Nh6 50.Ng5 Rxc3
0-1

[Event "Cto. Equipos de Navarra DH 2018"]
[Site "?"]
[Date "2018.11.10"]
[Round "5"]
[White "Arrese-Igor Sanchez, Cesareo"]
[Black "Ruiz Echeverria, Unai"]
[Result "1-0"]
[EventDate "2018.??.??"]
[EventCountry "ESP"]
[EventType "team"]
[EventRounds "7"]
[WhiteElo "1873"]
[BlackElo "1563"]

1.e4 e6 2.Nf3 d5 3.Nc3 d4 4.Ne2 c5 5.c3 Nc6 6.cxd4 cxd4 7.Qa4 Bc5 8.b4 Bxb4
9.Nexd4 Qa5 10.Bb5 Bd7 11.O-O Nge7 12.Rb1 Qxa4 13.Bxa4 Bc5 14.Nxc6 bxc6 15.Ne5
Bd4 16.Nxd7 Kxd7 17.Rb7 Kd8 18.Ba3 Re8 19.Rc1 Rc8 20.Bd6 Bb6 21.Rc3 Bc7 22.Rd3
Nd5 23.Bxc6 Rg8 24.Bxc7 Rxc7 25.Rxc7 Kxc7 26.exd5 Rc8 27.Ba4 Kb6 28.Kf1 Rd8
29.d6 Kc5 30.d7 Kb4 31.Bc6 Kc5 32.Bb7 Kc4 33.Rc3 Kb5 34.Bc8 1-0

[Event "Cto. Equipos de Navarra DH 2018"]
[Site "?"]
[Date "2018.11.10"]
[Round "5"]
[White "Esparza Martinez, Javier Ignacio"]
[Black "Narciso Dublan, Marc"]
[Result "0-1"]
[EventDate "2018.??.??"]
[EventCountry "ESP"]
[EventType "team"]
[EventRounds "7"]
[WhiteElo "1954"]
[BlackElo "2490"]

1.d4 d6 2.c4 e5 3.d5 a5 4.Nc3 Na6 5.e4 Be7 6.Nf3 Nf6 7.Be2 O-O 8.O-O c6 9.Ne1
Nc5 10.Bf3 cxd5 11.cxd5 b5 12.a3 Bd7 13.Nd3 Nxd3 14.Qxd3 b4 15.Nb5 Nxe4 16.Bxe4
f5 17.f3 fxe4 18.fxe4 Qb6 0-1

[Event "Cto. Equipos de Navarra DH 2018"]
[Site "?"]
[Date "2018.11.10"]
[Round "5"]
[White "Jimenez Almeida, Luis David"]
[Black "Cemborain Oricain, Alfonso"]
[Result "1-0"]
[EventDate "2018.??.??"]
[EventCountry "ESP"]
[EventType "team"]
[EventRounds "7"]
[WhiteElo "2271"]
[BlackElo "1902"]

1.b3 d6 2.Bb2 e5 3.e3 Nf6 4.c4 Be7 5.Nc3 O-O 6.Nf3 Bf5 7.Be2 c6 8.O-O Na6 9.Rc1
Nc7 10.b4 Nd7 11.d4 f6 12.Nh4 Be6 13.d5 cxd5 14.cxd5 Bf7 15.e4 g6 16.Nf3 f5
17.Bc4 fxe4 18.Nxe4 Nb6 19.Bb3 Nbxd5 20.Qd2 Nf4 21.Rfd1 Bxb3 22.axb3 Ne8 23.g3
Nh5 24.Qd5 Kg7 25.Nxe5 dxe5 26.Qxe5 Bf6 27.Nxf6 Qxd1 28.Rxd1 Nhxf6 29.Rd7 1-0

[Event "Cto. Equipos de Navarra DH 2018"]
[Site "?"]
[Date "2018.11.10"]
[Round "5"]
[White "Ruiz Escobar, Rafael"]
[Black "Martinez Martin, Inigo"]
[Result "0-1"]
[EventDate "2018.??.??"]
[EventCountry "ESP"]
[EventType "team"]
[EventRounds "7"]
[WhiteElo "1888"]
[BlackElo "2136"]

1.d4 c6 2.c4 d5 3.cxd5 cxd5 4.Nc3 Nf6 5.Bf4 g6 6.e3 a6 7.Nf3 Bg7 8.h3 O-O 9.Bd3
b5 10.O-O Bb7 11.Rc1 Nc6 12.Ne5 Rc8 13.Nxc6 Rxc6 14.Be5 e6 15.Ne2 Rxc1 16.Nxc1
Nd7 17.Bxg7 Kxg7 18.Nb3 Qb6 19.Qd2 Rc8 20.Rc1 Rxc1 21.Qxc1 a5 22.Qf1 a4 23.Nc5
Nxc5 24.dxc5 Qxc5 25.Bxb5 Qc2 26.Qa1 d4 27.exd4 Qe4 28.Bf1 Qxd4 29.Qc1 Bd5 30.a3
e5 31.Be2 Bb3 32.Qc3 h5 33.Qxd4 exd4 34.Bd3 g5 35.Kf1 Kf6 36.Ke2 Ke5 37.Kd2 Kd5
38.Be2 h4 39.Bh5 Ke5 40.Be2 f5 41.Bb5 g4 42.Bd7 Bd5 43.hxg4 fxg4 44.Bxg4 Bxg2
45.Kd3 h3 46.f4 Kd5 0-1

[Event "Cto. Equipos de Navarra DH 2018"]
[Site "?"]
[Date "2018.11.10"]
[Round "5"]
[White "Sanchez Carayol, Jesus Carlos"]
[Black "Gonzalez Pabollet, Jesus Maria S"]
[Result "1-0"]
[EventDate "2018.??.??"]
[EventCountry "ESP"]
[EventType "team"]
[EventRounds "7"]
[WhiteElo "2093"]
[BlackElo "1812"]

1.e4 d5 2.exd5 Nf6 3.d4 Nxd5 4.c4 Nb6 5.Nf3 Bf5 6.Nc3 e6 7.Be2 Be7 8.O-O O-O
9.h3 N8d7 10.Be3 Nf6 11.Qb3 Qc8 12.Rac1 c6 13.Rfd1 Rd8 14.d5 c5 15.a4 Bd6 16.Nh4
exd5 17.cxd5 c4 18.Qa2 Bxh3 19.a5 Bg4 20.axb6 Bxe2 21.Nxe2 Qg4 22.Qxc4 Ne4
23.Nf3 f5 24.bxa7 Qh5 25.Nf4 Qg4 26.Ne6 Re8 27.Qd4 Re7 28.Rc4 Qh5 29.Rdc1 1-0

[Event "Cto. Equipos de Navarra DH 2018"]
[Site "?"]
[Date "2018.11.10"]
[Round "5"]
[White "Iza Olivan, Ruben"]
[Black "Lopez Orois, Jose Manuel"]
[Result "0-1"]
[EventDate "2018.??.??"]
[EventCountry "ESP"]
[EventType "team"]
[EventRounds "7"]
[WhiteElo "1561"]
[BlackElo "2034"]

1.d4 Nf6 2.c4 e6 3.Nc3 Bb4 4.Bg5 h6 5.Bxf6 Qxf6 6.a3 Bxc3 7.bxc3 d6 8.Nf3 Nd7
9.e3 b6 10.Nd2 Bb7 11.Qc2 c5 12.Ne4 Qe7 13.Rd1 O-O 14.Ng3 Rac8 15.f4 cxd4
16.Rxd4 Nf6 17.h3 d5 18.a4 dxc4 19.Bxc4 Rc5 20.Bb3 Rfc8 21.c4 b5 22.axb5 Rxb5
23.O-O Rbc5 24.Rfd1 R5c7 25.Kf1 Ba6 26.Kf2 g6 27.Qd3 Kg7 28.e4 e5 29.fxe5 Qxe5
30.Ne2 Bb7 31.Bc2 Qc5 32.Nc3 Qe5 33.Ne2 Ba6 34.Bb3 Re7 35.Bc2 Bb7 36.Nc3 Nh5
37.g3 Nf6 38.Kg2 h5 39.Kf2 h4 40.Rg1 Nh5 41.Ne2 hxg3 42.Nxg3 Nf4 43.Nf5 Kf8
44.Rd8 Re8 45.Rxe8 Rxe8 46.Qa3 Kg8 47.Nh6 Kh7 48.Nxf7 Qd4 49.Kf1 Qxc4 50.Ke1
Qxf7 51.Bb3 Rxe4 52.Kd1 Qd7 53.Kc2 Qd3 0-1

[Event "Cto. Equipos de Navarra DH 2018"]
[Site "?"]
[Date "2018.11.10"]
[Round "5"]
[White "Zamarbide Inarrea, Borja"]
[Black "Rey Fuentes, Juan Maria"]
[Result "1-0"]
[EventDate "2018.??.??"]
[EventCountry "ESP"]
[EventType "team"]
[EventRounds "7"]
[WhiteElo "2038"]
[BlackElo "1536"]

1.e4 c6 2.Nc3 d5 3.Nf3 d4 4.Ne2 c5 5.c3 dxc3 6.bxc3 Nc6 7.d4 cxd4 8.cxd4 e6 9.a3
Nf6 10.Ng3 Be7 11.Bd3 a6 12.O-O O-O 13.Rb1 Nxd4 14.Bb2 Nxf3 15.Qxf3 Qa5 16.e5
Nd7 17.Rfe1 Nc5 18.Bc2 Bd7 19.Qh5 g6 20.Qh6 Rfd8 21.Nh5 1-0

[Event "Cto. Equipos de Navarra DH 2018"]
[Site "?"]
[Date "2018.11.10"]
[Round "5"]
[White "Velaz Ballesteros, Inigo"]
[Black "Iraneta Unzue, Iker"]
[Result "0-1"]
[EventDate "2018.??.??"]
[EventCountry "ESP"]
[EventType "team"]
[EventRounds "7"]
[WhiteElo "1236"]
[BlackElo "2004"]

1.Nf3 Nf6 2.d4 g6 3.Qd3 d5 4.Bf4 Bg7 5.e3 O-O 6.Be2 c5 7.Be5 Nc6 8.c3 Nxe5
9.Nxe5 Qc7 10.h4 Ne4 11.f4 Ng3 12.Rh2 Nxe2 13.Qxe2 cxd4 14.exd4 f6 15.Nd3 e5
16.g3 exd4 17.cxd4 Bf5 18.Nc3 Rfe8 0-1

[Event "Cto. Equipos de Navarra DH 2018"]
[Site "?"]
[Date "2018.11.10"]
[Round "5"]
[White "Aldave Aguado, Adrian"]
[Black "Miranda Urrizola, Ruben Asier"]
[Result "1-0"]
[EventDate "2018.??.??"]
[EventCountry "ESP"]
[EventType "team"]
[EventRounds "7"]
[WhiteElo "1938"]
[BlackElo "1020"]

1.d4 d5 2.c4 c6 3.Nc3 Nf6 4.e3 Bf5 5.Qb3 b6 6.cxd5 Nxd5 7.Nge2 Be6 8.Qd1 g6 9.e4
Nxc3 10.Nxc3 Bg7 11.Be3 O-O 12.Be2 f5 13.exf5 Bxf5 14.Bf3 Bd7 15.O-O Qc7 16.Rc1
a6 17.d5 Rf6 18.dxc6 Nxc6 19.Nd5 1-0

[Event "Cto. Equipos de Navarra DH 2018"]
[Site "?"]
[Date "2018.11.10"]
[Round "5"]
[White "Huerga Leache, Mikel"]
[Black "Garbisu de Goni, Unai"]
[Result "0-1"]
[EventDate "2018.??.??"]
[EventCountry "ESP"]
[EventType "team"]
[EventRounds "7"]
[WhiteElo "2446"]
[BlackElo "2425"]

1.Nf3 f5 2.d3 Nc6 3.d4 e6 4.g3 b6 5.Bg2 Bb7 6.O-O Nf6 7.c4 Na5 8.Qd3 Qc8 9.d5
exd5 10.cxd5 Bxd5 11.Qxf5 Be7 12.Bg5 Bb7 13.Nc3 O-O 14.Rfd1 d5 15.Qxc8 Rfxc8
16.Nd4 c6 17.e4 Bb4 18.exd5 Nxd5 19.Nxd5 cxd5 20.Bh3 Re8 21.Bd7 Re5 22.Bf4 Re7
23.Be6 Kh8 24.Bg5 Ree8 25.Bd7 Re5 26.Bd2 Bxd2 27.Rxd2 Rd8 28.Bh3 Nc4 29.Rc2 Rde8
30.Kg2 Re1 31.Rxe1 Rxe1 32.b3 Rd1 33.Nf3 Nd6 34.Rc7 Ba6 35.Ng1 h5 36.Rd7 g5
37.f3 Rd2 38.Kh1 g4 39.Bg2 Nf5 40.Rxa7 Bd3 41.Ra8 Kg7 42.Re8 d4 43.fxg4 Ne3
44.Be4 Nxg4 45.Nf3 Rd1 46.Kg2 Bf1 0-1